The new great game and security challenges for Pakistan / (Record no. 16159)

000 -LEADER
fixed length control field 01164cam a2200337 i 4500
001 - CONTROL NUMBER
control field 18020741
005 - DATE AND TIME OF LATEST TRANSACTION
control field 20170105102934.0
008 - FIXED-LENGTH DATA ELEMENTS--GENERAL INFORMATION
fixed length control field 140128s2014 pk ab b 000 0 eng
010 ## - LIBRARY OF CONGRESS CONTROL NUMBER
LC control number 2014311069
020 ## - INTERNATIONAL STANDARD BOOK NUMBER
International Standard Book Number 9789694949888
040 ## - CATALOGING SOURCE
Original cataloging agency DLC
Language of cataloging eng
Transcribing agency DLC
Description conventions rda
042 ## - AUTHENTICATION CODE
Authentication code lcode
-- pcc
043 ## - GEOGRAPHIC AREA CODE
Geographic area code n-us---
-- az-----
-- a-pk---
050 00 - LIBRARY OF CONGRESS CALL NUMBER
Classification number DS389
Item number .I63 2014
082 ## - DEWEY DECIMAL CLASSIFICATION NUMBER
Classification number 320.95491
Author Mark IQB 2014
100 1# - MAIN ENTRY--PERSONAL NAME
Personal name Iqbal, Shaukat.
245 14 - TITLE STATEMENT
Title The new great game and security challenges for Pakistan /
Statement of responsibility, etc. Major Gen. Shaukat Iqbal.
250 ## - EDITION STATEMENT
Edition statement First edition.
300 ## - PHYSICAL DESCRIPTION
Extent xv, 281 pages :
Other physical details illustrations, maps ;
Dimensions 23 cm
504 ## - BIBLIOGRAPHY, ETC. NOTE
Bibliography, etc. note Includes bibliographical references (pages 276-281).
650 #0 - SUBJECT ADDED ENTRY--TOPICAL TERM
Topical term or geographic name entry element National security
General subdivision Pakistan.
650 #0 - SUBJECT ADDED ENTRY--TOPICAL TERM
Topical term or geographic name entry element Geopolitics
Geographic subdivision Pakistan.
650 #0 - SUBJECT ADDED ENTRY--TOPICAL TERM
Topical term or geographic name entry element Geopolitics
Geographic subdivision South Asia.
651 #0 - SUBJECT ADDED ENTRY--GEOGRAPHIC NAME
Geographic name Pakistan
General subdivision Politics and government
Chronological subdivision 21st century.
651 #0 - SUBJECT ADDED ENTRY--GEOGRAPHIC NAME
Geographic name Pakistan
General subdivision Strategic aspects.
651 #0 - SUBJECT ADDED ENTRY--GEOGRAPHIC NAME
Geographic name South Asia
General subdivision Foreign relations
Geographic subdivision United States.
651 #0 - SUBJECT ADDED ENTRY--GEOGRAPHIC NAME
Geographic name United States
General subdivision Foreign relations
Geographic subdivision South Asia.
906 ## - LOCAL DATA ELEMENT F, LDF (RLIN)
a 7
b cbc
c origode
d 3
e ncip
f 20
g y-gencatlg
942 ## - ADDED ENTRY ELEMENTS (KOHA)
Source of classification or shelving scheme
Koha item type Book
Holdings
Withdrawn status Lost status Damaged status Not for loan Collection code Permanent Location Current Location Shelving location Date acquired Total Checkouts Full call number Barcode Date last seen Price effective from Koha item type
          Centre for International Peace & Stability (CIPS) Centre for International Peace & Stability (CIPS) General Stacks 07/07/2015   320.95491 IQB 2014 CIPSD0000206 07/07/2015 07/07/2015 Book
© 2023 Central Library, National University of Sciences and Technology. All Rights Reserved.